Capital : a critique of political economy, Vol.-3 / (Record no. 25345)
[ view plain ]
| 000 -LEADER | |
|---|---|
| fixed length control field | 00755cam a2200253u 4500 |
| 001 - CONTROL NUMBER | |
| control field | 5959478 |
| 003 - CONTROL NUMBER IDENTIFIER | |
| control field | BDDh-ASL |
| 005 - DATE AND TIME OF LATEST TRANSACTION | |
| control field | 20231015030458.0 |
| 008 - FIXED-LENGTH DATA ELEMENTS--GENERAL INFORMATION | |
| fixed length control field | 810826s1966 r 000 0 eng |
| 010 ## - LIBRARY OF CONGRESS CONTROL NUMBER | |
| LC control number | 36014288 |
| 040 ## - CATALOGING SOURCE | |
| Original cataloging agency | DLC |
| Transcribing agency | CarP |
| Modifying agency | DLC |
| 050 00 - LIBRARY OF CONGRESS CALL NUMBER | |
| Classification number | HB501 |
| Item number | .M3565 1934 |
| 082 ## - DEWEY DECIMAL CLASSIFICATION NUMBER | |
| Classification number | 330 |
| Item number | MAC |
| 100 1# - MAIN ENTRY--PERSONAL NAME | |
| Personal name | Marx, Karl, |
| Dates associated with a name | 1818-1883. |
| 245 10 - TITLE STATEMENT | |
| Title | Capital : a critique of political economy, Vol.-3 / |
| 260 ## - PUBLICATION, DISTRIBUTION, ETC. | |
| Place of publication, distribution, etc. | London & Toronto, |
| -- | Moscow, |
| Name of publisher, distributor, etc. | J. M. Dent & sons ltd.; |
| -- | Progress Publishers, |
| Date of publication, distribution, etc. | [1934] |
| -- | 1966. |
| 300 ## - PHYSICAL DESCRIPTION | |
| Extent | v-2, 948 p. : |
| Dimensions | 22 cm. |
| 650 #0 - SUBJECT ADDED ENTRY--TOPICAL TERM | |
| Topical term or geographic name entry element | Capital. |
| 650 #0 - SUBJECT ADDED ENTRY--TOPICAL TERM | |
| Topical term or geographic name entry element | Economics. |
| 700 1# - ADDED ENTRY--PERSONAL NAME | |
| Personal name | Paul, Eden, |
| Dates associated with a name | 1865-1944. |
| 700 1# - ADDED ENTRY--PERSONAL NAME | |
| Personal name | Paul, Cedar. |
| 906 ## - LOCAL DATA ELEMENT F, LDF (RLIN) | |
| a | 0 |
| b | cbc |
| c | premunv |
| d | u |
| e | ncip |
| f | 19 |
| g | y-gencatlg |
| 942 ## - ADDED ENTRY ELEMENTS (KOHA) | |
| Source of classification or shelving scheme | Dewey Decimal Classification |
| Koha item type | Books |
| Withdrawn status | Lost status | Source of classification or shelving scheme | Damaged status | Not for loan | Collection code | Home library | Current library | Shelving location | Date acquired | Source of acquisition | Total Checkouts | Full call number | Barcode | Date last seen | Copy number | Price effective from | Koha item type |
|---|---|---|---|---|---|---|---|---|---|---|---|---|---|---|---|---|---|
| Dewey Decimal Classification | Non-fiction | Asiatic Society Library | Asiatic Society Library | Sirajul Islam Collection | 07/13/2021 | Donated by Professor Sirajul Islam, FRHS | 330 MAC | 110092 | 07/13/2021 | C-1 | 07/13/2021 | Books |